| 000 | 00420nam a2200157Ia 4500 | ||
|---|---|---|---|
| 008 | 210210b1978 xxu||||| |||| 00| 0 eng d | ||
| 082 | _a658.3 TRIP | ||
| 100 | _aTRIPATHI (P C). | ||
| 245 | _aPersonnel management: theory and practice. | ||
| 250 | _a | ||
| 260 |
_aNew Delhi. _bSultan Chand & Sons _c1978 |
||
| 300 | _axiii,270 | ||
| 650 | _aPersonnel Management | ||
| 690 | _aPersonnel Managemen | ||
| 906 | _a03335 | ||
| 999 |
_c84489 _d84489 |
||